Visualizzazione normale
Vista MARC
- Profesores (Enseñanza superior)
di Topical Term
Records bibliografici associati: 1
001 - CONTROL NUMBER
- control field: 57378
003 - CONTROL NUMBER IDENTIFIER
- control field: IT-RoINE
005 - DATE AND TIME OF LATEST TRANSACTION
- control field: 20190220085338.0
008 - FIXED-LENGTH DATA ELEMENTS
- fixed length control field: 190220|| aca||aabn | a|a d
040 ## - CATALOGING SOURCE
- Original cataloging agency: IT-RoINE
- Transcribing agency: IT-RoINE
150 ## - HEADING--TOPICAL TERM
- Topical term or geographic name as entry element: Profesores (Enseñanza superior)
- Geographic subdivision: España
- Chronological subdivision: Siglos 19o.-20o.
670 ## - SOURCE DATA FOUND
- Source citation: Work cat.: (IT-RoINE)0: Parra Garrigues, Pilar 57376, Historial de la Facultad de Filosofía y Letras de la Universidad de Madrid :, 1956.